000 01264nam a22002297a 4500
001 BRCA_9300
003 FranzMayer
005 20230726140736.0
008 230726b |||||||| |||| 00| 0 eng d
040 _aMFM
_besp
_cMFM
050 4 _aCO2
_bP46
100 1 _4Autor
_aPhilippus de Convelt, Martinus
_928986
240 1 _aTheatrum excellentiarum SS. Deipara ex consociatione excellentiaru SVI Filii
_hVirginum ac Matrum maximae clientum tuorum minimus L.M.Q.D.C
_lLatin
245 0 _aTheatrum excellentiarum SS. Deipara ex consociatione excellentiaru SVI Filii
_bVirginum ac Matrum maximae clientum tourum minimus L.M.Q.D.C
300 _a443 P
_c33 cm.
500 _aEl libro no contiene la información relacionada a lugar de publicación, año de emisión o entidad encargada de la misma.
500 _aCon marca de fuego: pertenecientes a Oratorianas MFM-8002 de la Congregación del Oratorio de san Felipe Neri
650 1 _2Drama
_aRepresentaciones dramáticas
_vTeatro
_928987
651 2 _2Teatros
_aNormas de teatro
_vEstándares teatrales
_928988
856 _3http://www.marcasdefuego.buap.mx:8180/xmLibris/projects/firebrand/item.jsp?repository=marcas_de_fuego&map=1&key=marcas_de_fuego_oratorianas_20131206141204_98e1.xml&num=3
942 _2lcc
_cB
999 _c10922
_d10922